| Tag |
First Indicator |
Second Indicator |
Subfields |
| LEADER |
00000cgm a2200000 a 4500 |
| 001 |
in00000070522 |
| 005 |
20151008061805.0 |
| 007 |
mr baaad||||||||||||||| |
| 008 |
810514p19521952cau095ug 0mleng d |
| 035 |
|
|
|a (OCoLC)07419072
|
| 035 |
|
|
|9 AAJ8829AM
|
| 040 |
|
|
|a CUI
|c CUI
|d TXA
|d UtOrBLW
|
| 049 |
|
|
|a TXAV
|
| 090 |
|
|
|a PN1995.9.W4
|b H5
|
| 130 |
0 |
|
|a High noon (Motion picture)
|
| 245 |
1 |
0 |
|a High noon /
|c Stanley Kramer Productions presents A United Artists release.
|
| 264 |
|
1 |
|a [Hollywood, Calif.] :
|b United Artists :
|c 1952.
|
| 264 |
|
2 |
|a [Hollywood, Calif.] :
|b [distributed by Nostalgia Merchant],
|
| 300 |
|
|
|a 2 film reels (95 min.) :
|b sound, black and white ;
|c 16 mm.
|
| 336 |
|
|
|a two-dimensional moving image
|b tdi
|2 rdacontent
|
| 337 |
|
|
|a projected
|b g
|2 rdamedia
|
| 338 |
|
|
|a film reel
|b mr
|2 rdacarrier
|
| 500 |
|
|
|a Based on the magazine story "The Tin Star" by John W. Cunningham.
|
| 511 |
1 |
|
|a Gary Cooper, Grace Kelly, Thomas Mitchell, Lloyd Bridges, Katy Jurado, Lon Chaney, Henry Morgan, Lee Van Cleef.
|
| 508 |
|
|
|a Director, Fred Zinnemann ; screenplay, Carl Foreman ; music, Dimitri Tiomkin.
|
| 520 |
|
|
|a A retiring sheriff feels a responsibility to an ungrateful town when challenged by a gunfighter.
|
| 586 |
8 |
|
|a Academy Awards, 1952: Best Actor (Gary Cooper), Best Editing (Elmo Williams, Harry Gerstad), Best Score (Dimitri Tiomkin), Best Song (Ned Washington).
|
| 500 |
|
|
|a Motion picture.
|
| 655 |
|
7 |
|a Western films.
|2 lcgft
|
| 655 |
|
7 |
|a Feature films.
|2 lcgft
|
| 700 |
1 |
|
|a Cooper, Gary,
|d 1901-1961.
|
| 700 |
0 |
|
|a Grace,
|c Princess of Monaco,
|d 1929-1982.
|
| 700 |
1 |
|
|a Mitchell, Thomas,
|d 1892-1962.
|
| 700 |
1 |
|
|a Bridges, Lloyd.
|
| 700 |
1 |
|
|a Jurado, Katy.
|
| 700 |
1 |
|
|a Chaney, Lon,
|c Jr.,
|d 1906-1973.
|
| 700 |
1 |
|
|a Van Cleef, Lee,
|d 1925-1989.
|
| 700 |
1 |
|
|a Zinnemann, Fred,
|d 1907-1997.
|
| 700 |
1 |
|
|a Tiomkin, Dimitri,
|d 1894-1979.
|
| 700 |
1 |
|
|a Cunningham, John M.
|t Tin star.
|
| 710 |
2 |
|
|a Stanley Kramer Productions.
|
| 710 |
2 |
|
|a United Artists Corporation.
|
| 710 |
2 |
|
|a Nostalgia Merchant (Firm)
|
| 999 |
|
|
|a MARS
|
| 999 |
f |
f |
|s 6eca3dd2-b93a-39e6-aa00-69d89037cf65
|i 3788951a-ffdd-3d1d-8363-a6a2185eba48
|t 0
|
| 952 |
f |
f |
|p ric
|a Texas A&M University
|b Rellis Campus
|c Joint Library Facility
|d Remote Storage
|t 0
|e PN1995.9.W4 H5
|h Library of Congress classification
|i projected image -- film reel
|k reel 1
|m A14806057816
|
| 952 |
f |
f |
|p ric
|a Texas A&M University
|b Rellis Campus
|c Joint Library Facility
|d Remote Storage
|t 0
|e PN1995.9.W4 H5
|h Library of Congress classification
|i projected image -- film reel
|k reel 3
|m A14843687063
|
| 952 |
f |
f |
|p ric
|a Texas A&M University
|b Rellis Campus
|c Joint Library Facility
|d Remote Storage
|t 0
|e PN1995.9.W4 H5
|h Library of Congress classification
|i projected image -- film reel
|k reel 2
|m A14843687055
|
| 998 |
f |
f |
|a PN1995.9.W4 H5
|s reel 1-3
|t 0
|l Remote Storage
|